Library Logo

Pioneer International University Library Catalogue

Tap dancing to work : (Record no. 10101)

MARC details
000 -LEADER
fixed length control field 01015nam a22002657a 4500
003 - CONTROL NUMBER IDENTIFIER
control field OSt
005 - DATE AND TIME OF LATEST TRANSACTION
control field 20260428095313.0
008 - FIXED-LENGTH DATA ELEMENTS--GENERAL INFORMATION
fixed length control field 260428b |||||||| |||| 00| 0 eng d
010 ## - LIBRARY OF CONGRESS CONTROL NUMBER
LC control number 2112036878
020 ## - INTERNATIONAL STANDARD BOOK NUMBER
International Standard Book Number 978-1-59184-573-7
Qualifying information (hardback)
040 ## - CATALOGING SOURCE
Language of cataloging eng
Transcribing agency portfolio penguin
050 ## - LIBRARY OF CONGRESS CALL NUMBER
Classification number HG 172
Item number .B84 2012
100 ## - MAIN ENTRY--PERSONAL NAME
Personal name Loomis, Carol J.,
Relator term editor.
245 ## - TITLE STATEMENT
Title Tap dancing to work :
Remainder of title Warren Buffett on practically everything, 1966-2012 : a Fortune magazine book /
Statement of responsibility, etc. collected and expanded by Carol Loomis.
250 ## - EDITION STATEMENT
Edition statement 1st ed.
260 ## - PUBLICATION, DISTRIBUTION, ETC.
Place of publication, distribution, etc. New York :
Name of publisher, distributor, etc. Portfolio/Penguin,
Date of publication, distribution, etc. 2012.
300 ## - PHYSICAL DESCRIPTION
Extent xvii, 345 p., [8] p. of plates :
Other physical details illustrations ;
Dimensions 24 cm
500 ## - GENERAL NOTE
General note Includes index.
520 ## - SUMMARY, ETC.
Summary, etc. Collection of articles from Fortune magazine (1966–2012) about Warren Buffett, with commentary by Carol Loomis.
600 ## - SUBJECT ADDED ENTRY--PERSONAL NAME
Personal name Buffett, Warren,
Dates associated with a name 1930-
650 ## - SUBJECT ADDED ENTRY--TOPICAL TERM
Topical term or geographic name entry element Capitalists and financiers
Geographic subdivision United States.
650 ## - SUBJECT ADDED ENTRY--TOPICAL TERM
Topical term or geographic name entry element Investments.
700 ## - ADDED ENTRY--PERSONAL NAME
Personal name Fortune (Magazine)
942 ## - ADDED ENTRY ELEMENTS (KOHA)
Source of classification or shelving scheme Library of Congress Classification
Koha item type Books
Edition 1st ed.
Suppress in OPAC No

No items available.